000 00877nam a2200241Ia 4500
003 OSt
005 20220923220405.0
006 a|||||r|||| 00| 0
007 ta
008 220922b |||||||| |||| 00| 0 hin d
024 _a186,309
037 _cTextual
040 _aARTS
_cARTS
_bhin
041 _2hin
_ahin
082 _aY:1.2, 152M9
100 _aअग्रवाल, विजय; श्रीवास्तव, हेमलता
_9164152
245 0 _aभारत की संास्कृति विरासत
246 _aBhārat kī sanāskṛuti virāsata
260 _aइलाहाबाद
_b परिमल प्रकाशन
_c1989
300 _a208 पृ.
_ccm.
942 _hY:1.2, 152M9
_cTEXL
_2CC
999 _c339553
_d339553